00694 a2200157 450000500170000002000220001708200210003910000180006024500610007826000510013930000550019085601190024594200130036499900150037795201440039220250613065256.0 a978-0-470-00991-8 aLECT 658.406 PAL aPALADINO, B.  aFive key principles of corporate performance management. aNew Jersey, bJohn Wiley & Sons, Inc., c2007. axiv, 386p.: ill.; figure, table. bIndex, c23cm.  yAccess online bookfFive key principles of corporate performance managementdhttp://www.wiley.com/go/permissions.  2ddccBKS c3922d3922 r2025-06-13 06:54:52l0oLECT 658.406 PALp00000012905v216000.00w2025-06-12yBKS102ddc407000aCBEMLbCBEMLcGENd2014-11-28g72000.00